[Event "Zalakaros op"]
[Site "Zalakaros"]
[Date "1992.??.??"]
[Round "3"]
[White "Deutsch, Ludwig"]
[Black "David, Adrian"]
[Result "0-1"]
[WhiteElo "2220"]
[BlackElo "2300"]

1.c4 b6 2.Nf3 Nf6 3.g3 c5 4.Bg2 Bb7 5.O-O g6 6.Nc3 Bg7 7.d3 O-O 8.Rb1 d5
9.Nd2 Qd7 10.cxd5 Nxd5 11.Nxd5 Bxd5 12.Bxd5 Qxd5 13.Qb3 Qd7 14.Nf3 Nc6 15.Bd2 e5
16.Qa4 Rad8 17.Qc4 Nd4 18.Nxd4 exd4 19.b4 cxb4 20.Bxb4 Rfe8 21.Rb2 Rc8 22.Qb3 Re6
23.Rc2 Rxc2 24.Qxc2 Rc6 25.Qa4 h5 26.f4 h4 27.Qb5 hxg3 28.hxg3 Qe6 29.Rf2 Rc2
30.e4 Rxf2 31.Kxf2 Qxa2+ 32.Kf3 Qb3 33.Ke2 Bf8  0-1

[Event "Zalakaros op"]
[Site "Zalakaros"]
[Date "1992.??.??"]
[Round "7"]
[White "Kustar, Sandor"]
[Black "Tompa, Janos"]
[Result "1/2-1/2"]
[WhiteElo "2255"]
[BlackElo "2415"]

1.Nf3 Nf6 2.c4 b6 3.g3 Bb7 4.Bg2 c5 5.O-O g6 6.Nc3 Bg7 7.d4 cxd4 8.Qxd4 d6
9.Rd1 Nbd7 10.Rb1 Rc8 11.b3 O-O 12.Qh4 Rc5 13.Bb2 a6 14.Nd5 Bxd5 15.cxd5 Rxd5
16.Rxd5 Nxd5 17.Bxg7 Kxg7 18.Qc4 Nc7 19.Rc1 Nc5 20.b4 N5e6 21.Nd4 b5 22.Nxe6+ Nxe6
23.Qc6 Nd4 24.Qc3 e5 25.Kf1 Qf6 26.h4 Rd8 27.e3 Nf5 28.Kg1 d5 29.Qc7 d4 30.Rc6 Rd6
31.Rxd6 Nxd6 32.exd4 exd4 33.Qc6 Qe5 34.Qd5 Kf6 35.Qf3+ Ke7 36.Qd5 Qe1+ 37.Bf1 Qxb4
38.Qe5+ Kd7 39.Bh3+ f5 40.Qg7+ Kc6 41.Qxh7 d3 42.Bg2+ Kb6 43.Qxg6 d2 44.Bf3 d1=Q+
45.Bxd1 Qe1+ 46.Kg2 Qxd1 47.h5 Qd5+ 48.Kg1 Kc5 49.a3 Qf3 50.Qh7 f4 51.gxf4 Qxf4
52.h6 Nf7 53.Qc2+ Kb6 54.Qg6+ Ka5 55.h7 Nh8 56.Qg7 Nf7  1/2-1/2

[Event "Casablanca"]
[Site "Zaragoza"]
[Date "1992.??.??"]
[Round "?"]
[White "Torrecillas Martinez, Antonio"]
[Black "Estremera Panos, Sergio"]
[Result "1-0"]
[WhiteElo "2325"]
[BlackElo "2330"]

1.Nf3 Nf6 2.c4 b6 3.g3 c5 4.Bg2 Bb7 5.O-O g6 6.b3 Bg7 7.Bb2 O-O 8.Nc3 d5
9.Nxd5 Nxd5 10.Bxg7 Kxg7 11.cxd5 Qxd5 12.d4 cxd4 13.Qxd4+ Qxd4 14.Nxd4 Bxg2
15.Kxg2 Rc8 16.Rac1 Na6 17.a3 Rxc1 18.Rxc1 Rd8 19.Nb5 Rd2 20.b4 Rxe2 21.Nxa7 Ra2
22.Nb5 Nb8 23.Rc7 Rd2 24.Rxe7 Nd7 25.Re4 Ra2 26.Kf3 Kf6 27.h4 Ne5+ 28.Ke3 h5
29.Rf4+ Ke6 30.Kd4 f5 31.Kc3 Ng4 32.Nd4+ Kd5 33.Nc2 Ne5 34.Rd4+  1-0

[Event "DEN-chJ"]
[Site "Aarhus"]
[Date "1993.??.??"]
[Round "1"]
[White "Plomp, Gordon"]
[Black "Borbjerggaard, Lars"]
[Result "1-0"]
[WhiteElo "2200"]
[BlackElo "2215"]

1.c4 c5 2.Nf3 Nf6 3.g3 b6 4.Bg2 Bb7 5.O-O g6 6.Nc3 Bg7 7.d3 O-O 8.Be3 Nc6
9.Rc1 d6 10.a3 e6 11.Qa4 Ne7 12.b4 Nf5 13.Bd2 Nd7 14.Bg5 Qe8 15.e4 Nd4 16.Nxd4 Bxd4
17.Bh6 Bg7 18.Bxg7 Kxg7 19.f4 Qc8 20.Qd1 f5 21.d4 Rd8 22.dxc5 dxc5 23.Qd6 Nf8
24.Qe5+ Kg8 25.Rfd1 cxb4 26.axb4 Rxd1+ 27.Nxd1 Qd7 28.Nf2 Qe7 29.exf5 Bxg2
30.Kxg2 gxf5 31.c5 Rc8 32.Nd3 Nd7 33.Qe3 bxc5 34.bxc5 Nf6 35.c6 Qd6 36.Ne5 Ng4
37.Qd3 Qxd3 38.Nxd3 Kf8 39.h3 Ne3+ 40.Kf3 Nd5 41.Ne5 Ke7 42.Rb1 Rc7 43.g4 fxg4+
44.hxg4 Kd6 45.Rb2 Rc8 46.Rb7 Rc7 47.Rb2 Kc5 48.Ke4 Nb4 49.f5 exf5+ 50.gxf5 Nxc6
51.f6 Nxe5 52.Kxe5 Rd7 53.Ke6 Rd1 54.Rf2 Rd8 55.f7 a5 56.f8=Q+ Rxf8 57.Rxf8 a4
58.Ra8 Kb4 59.Kd5 a3 60.Kd4 Kb3 61.Kd3 Kb2 62.Kd2  1-0

[Event "Oberliga Bayern9394"]
[Site "Bayern"]
[Date "1993.??.??"]
[Round "?"]
[White "Schindler, Werner"]
[Black "Kaiser, Wolfgang"]
[Result "1/2-1/2"]
[WhiteElo "2295"]
[BlackElo "2355"]

1.Nf3 Nf6 2.c4 b6 3.g3 c5 4.Bg2 Bb7 5.O-O g6 6.b3 Bg7 7.Bb2 d6 8.d4 Nbd7
9.Nc3 a6 10.Qd2 O-O 11.Rfe1 Qb8 12.dxc5 bxc5 13.e4 e5 14.Rad1 Ne8 15.h4 Nb6
16.Bh3 Bc6 17.h5 Ra7 18.Nh2 Na8 19.hxg6 hxg6 20.Nd5 Bxd5 21.exd5 Qd8 22.Bc3 Nb6
23.Ba5 Qb8 24.Qg5 Nf6 25.f4 Nh7 26.Qh4 Bf6 27.Qh6 Bg7 28.Qh4  1/2-1/2

[Event "Oberliga Bayern9394"]
[Site "Bayern"]
[Date "1993.??.??"]
[Round "?"]
[White "Wockenfuss, Klaus"]
[Black "Smejkal, Jan"]
[Result "0-1"]
[WhiteElo "2360"]
[BlackElo "2515"]

1.Nf3 Nf6 2.c4 c5 3.g3 b6 4.Bg2 Bb7 5.O-O g6 6.b3 Bg7 7.Bb2 O-O 8.Nc3 e6
9.Rc1 Na6 10.Qc2 d5 11.cxd5 exd5 12.d4 Qe7 13.Rfd1 Rfd8 14.Qb1 Ne4 15.e3 Rac8
16.Qa1 Re8 17.Ne5 Nc7 18.Nxe4 dxe4 19.Nc4 cxd4 20.Bxd4 Bxd4 21.Qxd4 Rcd8
22.Qa1 Ne6 23.Rxd8 Rxd8 24.Rd1 b5 25.Na5 Ba8 26.h4 Qb4 27.Rxd8+ Nxd8 28.h5 Qxa5
29.h6 Ne6 30.Bh3 Qc7 31.Bxe6 fxe6 32.Qf6 Bd5 33.Kg2 Qf7 34.Qd8+ Qf8 35.Qd7 Qxh6
36.Qxa7 Qf8 37.a4 b4 38.Qb6 Bxb3 39.a5 Bd5 40.a6 b3  0-1

[Event "JUG-chT2"]
[Site "Becici"]
[Date "1993.??.??"]
[Round "2"]
[White "Vukanovic, Sasa"]
[Black "Marinkovic, Ivan"]
[Result "1-0"]
[WhiteElo "2315"]
[BlackElo "2445"]

1.Nf3 Nf6 2.c4 b6 3.g3 Bb7 4.Bg2 c5 5.O-O g6 6.Nc3 Bg7 7.Re1 O-O 8.e4 Nc6
9.h3 d6 10.d3 Ne8 11.Bg5 h6 12.Be3 Nd4 13.Qd2 Kh7 14.Nh2 Qd7 15.f4 f5 16.Rf1 a6
17.Rae1 b5 18.Nd5 Rb8 19.b3 e6 20.Nc3 Bc6 21.exf5 gxf5 22.Nf3 Nxf3+ 23.Bxf3 Bxf3
24.Rxf3 Qc6 25.Rff1 d5 26.cxd5 exd5 27.Bf2 d4 28.Ne2 Qd6 29.Rc1 b4 30.Qc2 Rc8
31.Rfe1 Nf6 32.Kh2 Nd5 33.Qc4 Bf6 34.Ng1 Rg8 35.Rc2 Rc7 36.Rce2 Rc6 37.Re8 Qd7
38.Rxg8 Kxg8 39.Nf3 Qd6 40.Re8+ Kg7 41.Ne5 Bxe5 42.Rxe5 Nb6 43.Qc2 Kg6 44.g4 fxg4
45.Qe2 Nd7 46.Qe4+ Kg7 47.Rd5 Qc7 48.Qe7+ Kg8 49.Rxd7 Qxf4+ 50.Kh1 Qf3+ 51.Kg1 Qd1+
52.Be1  1-0

[Event "JUG-chT2"]
[Site "Becici"]
[Date "1993.??.??"]
[Round "3"]
[White "Vukanovic, Sasa"]
[Black "Kiselev, Sergey"]
[Result "1-0"]
[WhiteElo "2315"]
[BlackElo "2510"]

1.Nf3 Nf6 2.c4 b6 3.g3 Bb7 4.Bg2 c5 5.O-O g6 6.Nc3 Bg7 7.d4 cxd4 8.Nxd4 Bxg2
9.Kxg2 Qc8 10.b3 Qb7+ 11.f3 Nc6 12.Be3 O-O 13.Nxc6 dxc6 14.Qc2 b5 15.Rad1 Qa6
16.cxb5 cxb5 17.Nd5 Nxd5 18.Rxd5 Rfc8 19.Rc5 Rxc5 20.Bxc5 Rc8 21.b4 Qe6 22.Rd1 Bf6
23.e4 a5 24.a3 axb4 25.axb4 Ra8 26.Rd5 Ra4 27.f4 h5 28.Rd2 Ba1 29.f5 gxf5
30.exf5 Qc6+ 31.Kh3 Qf3 32.Bxe7 Qf1+ 33.Rg2 Ra3 34.Qf2 Qd1 35.Qf4 f6 36.Rd2 Qb1
37.Rd8+ Kf7 38.Bc5 Be5 39.Qf1 Ra2 40.Qf3 Kg7 41.Qb7+ Kh6 42.Rh8+ Kg5 43.Qg7+ Kxf5
44.Qh7+  1-0

[Event "JUG-chT2"]
[Site "Becici"]
[Date "1993.??.??"]
[Round "3"]
[White "Milanovic, Danilo"]
[Black "Marinkovic, Ivan"]
[Result "0-1"]
[WhiteElo "2325"]
[BlackElo "2445"]

1.Nf3 Nf6 2.c4 b6 3.g3 c5 4.Bg2 Bb7 5.O-O g6 6.Nc3 Bg7 7.d4 cxd4 8.Qxd4 d6
9.h3 Nbd7 10.Be3 Rc8 11.Rac1 Rc5 12.Qd3 Rc8 13.Qd4 Rc5 14.Qd3 Rc8 15.Qd4 Nh5
16.Qh4 h6 17.Nd2 Bf6 18.Qg4 Ne5 19.Bxb7 Nxg4 20.hxg4 Rc7 21.Bf3 Bxc3 22.Rxc3 Nf6
23.Bd4 e5 24.Be3 d5 25.Bxd5 Nxd5 26.Rd3 Rd7 27.cxd5 Rxd5 28.Rc3 O-O 29.Rc2 Kg7
30.Kg2 Qd7 31.Rh1 g5 32.Rhc1 Qxg4 33.f3 Qe6 34.g4 f5 35.gxf5 Qxf5 36.Rc4 b5
37.Rc6 Rf6 38.Rc7+ Rd7 39.Ne4 Rg6 40.Ng3 Qe6 41.R1c5 Kh7 42.Rxe5 Rxc7  0-1

[Event "Berlin"]
[Site "Berlin"]
[Date "1993.??.??"]
[Round "9"]
[White "Konopka, Michal"]
[Black "Lehmann, Klaus"]
[Result "0-1"]
[WhiteElo "2425"]
[BlackElo "2315"]

1.Nf3 Nf6 2.c4 b6 3.g3 Bb7 4.Bg2 c5 5.O-O g6 6.Nc3 Bg7 7.d4 cxd4 8.Qxd4 Nc6
9.Qd3 Nb4 10.Qd1 O-O 11.Qa4 Na6 12.Rd1 Nc5 13.Qa3 d6 14.Be3 Nfe4 15.Nxe4 Bxe4
16.Bd4 Qc7 17.Bxg7 Kxg7 18.Qc3+ Kg8 19.Qe3 Qb7 20.Rd4 f5 21.Qh6 Ne6 22.Rd2 Rac8
23.b3 Rc5 24.Rad1 f4 25.Bh3 Bf5 26.Bxf5 Rfxf5 27.g4 Rf6 28.Rd5 Qa6 29.R1d2 Qa5
30.h4 Nf8 31.Rxc5 bxc5 32.Qg5 Kg7 33.Qd5 Re6 34.Ng5 Rf6 35.Qb7 Qd8 36.Ne4 Re6
37.Nxc5 Re5 38.Nd3 Re6 39.Nxf4 Rf6 40.Nd5 Rf7 41.Qc7 Qa8 42.Qa5 Kg8 43.Qc3 Nd7
44.Qe3 Ne5 45.f3 Qc8 46.Qxa7 Kf8 47.Ne3 h5 48.Rd4 Nxf3+ 49.exf3 e5 50.Qb6 exd4
51.Qxd6+ Kg8 52.Nd5 Qe8 53.Qxg6+ Kf8 54.Qh6+ Kg8 55.Qg5+ Kf8 56.Qh6+ Kg8
57.Qg5+ Kf8 58.Kf2 Qe4 59.Qh6+ Kg8 60.Qg5+ Kf8 61.Nf6 Qe3+ 62.Qxe3 dxe3+
63.Kxe3 Rxf6 64.c5 Ke7 65.a4 Rf8 66.b4 Ra8 67.Kd4 Rxa4 68.Kc4 Ra3 69.gxh5 Rxf3
70.Kb5 Kd7 71.Kb6 Kc8 72.b5 Rf4 73.h6 Rxh4 74.Ka7 Ra4+ 75.Kb6 Kb8 76.Kc6 Rd4
77.b6 Kc8 78.h7 Rh4 79.Kb5 Rxh7 80.c6 Rh1 81.Ka5 Kb8 82.Kb4 Rc1 83.Kb5 Rc2
84.b7 Kc7 85.Ka6 Rb2 86.Ka5 Kxc6  0-1

[Event "Bern op"]
[Site "Bern"]
[Date "1993.??.??"]
[Round "5"]
[White "Jankovskis, Guntis"]
[Black "Ambroz, Jan"]
[Result "0-1"]
[WhiteElo "2325"]
[BlackElo "2405"]

1.Nf3 Nf6 2.c4 b6 3.g3 c5 4.Bg2 Bb7 5.O-O g6 6.d4 cxd4 7.Qxd4 Bg7 8.Nc3 Nc6
9.Qf4 Qb8 10.Qxb8+ Rxb8 11.Bf4 d6 12.Rac1 O-O 13.Rfd1 h6 14.b3 g5 15.Bd2 Rfd8
16.h3 Ba8 17.Nd5 e6 18.Nxf6+ Bxf6 19.Bc3 Bxc3 20.Rxc3 Kf8 21.h4 gxh4 22.Nxh4 Ke7
23.f4 Nb4 24.a3 Bxg2 25.Kxg2 Nc6 26.Nf3 Rbc8 27.Rh1 Rh8 28.Rh5 Nb8 29.Rc1 d5
30.Ne5 dxc4 31.Rxc4 Rxc4 32.Nxc4 Nd7 33.Rh1 b5 34.Na5 Rc8 35.Rxh6 Rc2 36.Kf3 Rc3+
37.e3 Nf6 38.Rh8 Nd5 39.Ra8 Nxe3 40.Rxa7+ Kf6 41.Ke2 Nd5 42.Kf2 Kf5 43.Rxf7+ Ke4
44.Kg2 Ne3+ 45.Kh2 Kf3 46.Rd7 Nf5 47.Kh3 Nxg3 48.Nc6 Rxc6 49.Rd3+ Kxf4 50.Rxg3 e5
51.a4 b4 52.Rg4+ Kf3 53.Rg3+ Kf2 54.Rg2+ Ke3 55.Rg5 Kd4 56.Kg2 Rc2+ 57.Kf1 Rc3
58.a5 Rxb3 59.Rg8 Ra3 60.Rb8 Kc4 61.Ra8 b3 62.Rc8+ Kd3 63.Rd8+ Kc2 64.Rc8+ Kb1
65.Rc5 b2  0-1

[Event "Bern op"]
[Site "Bern"]
[Date "1993.??.??"]
[Round "8"]
[White "Wojtkiewicz, Aleksander"]
[Black "Landenbergue, Claude"]
[Result "1-0"]
[WhiteElo "2580"]
[BlackElo "2385"]

1.Nf3 c5 2.c4 Nf6 3.g3 b6 4.Bg2 Bb7 5.O-O g6 6.Nc3 Bg7 7.d4 cxd4 8.Qxd4 d6
9.Rd1 Nbd7 10.Be3 O-O 11.Qh4 Rc8 12.Rac1 a6 13.b3 Bc6 14.Bh3 Bxf3 15.exf3 Re8
16.Bg2 Qc7 17.Qd4 Qb8 18.Qd3 Rc7 19.f4 Rec8 20.a4 Nc5 21.Qb1 Rd8 22.h3 Ncd7
23.g4 Rcc8 24.g5 Nh5 25.Nd5 Re8 26.Bf3 Nc5 27.Qc2 e6 28.Nb4 Bf8 29.Nc6 Qc7
30.b4 Nd7 31.b5 axb5 32.axb5 Ng7 33.Ra1 d5 34.Ra7 Qd6 35.cxd5 e5 36.Bg4 Rc7
37.Rxc7  1-0

[Event "Bucharest"]
[Site "Bucharest"]
[Date "1993.??.??"]
[Round "?"]
[White "Moldovan, Daniel"]
[Black "Istratescu, Andrei"]
[Result "1/2-1/2"]
[WhiteElo "2435"]
[BlackElo "2470"]

1.c4 c5 2.Nf3 Nf6 3.g3 b6 4.Bg2 Bb7 5.O-O g6 6.Nc3 Bg7 7.d4 cxd4 8.Nxd4 Bxg2
9.Kxg2 Qc8 10.b3 Qb7+ 11.f3 d5 12.cxd5 Nxd5 13.Nxd5 Qxd5 14.Bb2 O-O  1/2-1/2

[Event "Statistika"]
[Site "Budapest"]
[Date "1993.??.??"]
[Round "2"]
[White "Fancsy, Imre"]
[Black "Gyorkos, Lajos"]
[Result "1-0"]
[WhiteElo "2300"]
[BlackElo "2435"]

1.Nf3 c5 2.c4 Nf6 3.g3 b6 4.Bg2 Bb7 5.O-O g6 6.d4 cxd4 7.Qxd4 Bg7 8.Nc3 d6
9.Be3 Nbd7 10.Rac1 Rc8 11.b3 Nc5 12.Bh3 Rb8 13.Rfd1 a6 14.b4 Ne6 15.Bxe6 fxe6
16.Ng5 Qd7 17.c5 bxc5 18.bxc5 O-O 19.Qa4 Bc6 20.Qxa6 d5 21.Bd4 Ng4 22.Bxg7 Kxg7
23.Nf3 Ra8 24.Qd3 Ra3 25.Qd4+ Nf6 26.Rb1 Qa7 27.Rb6 Rc8 28.Ne5 Ba4 29.Rdb1 Rc7
30.Qb4 Bc2 31.Nb5 Bxb1 32.Nxa7 Raxa7 33.Qxb1 Ne4 34.Qb2 Kh6 35.h4 Ra8 36.Ng4+ Kh5
37.Ne3 Rac8 38.Qe5+  1-0

[Event "Budapest FS04 IM"]
[Site "Budapest"]
[Date "1993.??.??"]
[Round "7"]
[White "Stoll, Ferdinand"]
[Black "Yip, Michael"]
[Result "1-0"]
[WhiteElo "2255"]
[BlackElo "2100"]

1.c4 Nf6 2.Nf3 c5 3.g3 b6 4.Bg2 Bb7 5.O-O g6 6.Nc3 Bg7 7.d3 O-O 8.e4 d6 9.Nh4 Ne8
10.f4 f5 11.Be3 Nc6 12.Qd2 Qd7 13.Rae1 e6 14.Kh1 Nc7 15.Bg1 Nd4 16.Ne2 d5
17.Nxd4 cxd4 18.cxd5 fxe4 19.dxe4 exd5 20.e5 Ba6 21.Rf3 d3 22.Bf1 Rad8 23.Bxd3 Bxd3
24.Rxd3 Qe7 25.Nf3 Bh6 26.Nd4 Qd7 27.e6  1-0

[Event "Statistika"]
[Site "Budapest"]
[Date "1993.??.??"]
[Round "11"]
[White "Nemeth, Zoltan"]
[Black "Habibi, Ali"]
[Result "1-0"]
[WhiteElo "2380"]
[BlackElo "2305"]

1.Nf3 Nf6 2.g3 b6 3.Bg2 Bb7 4.O-O c5 5.c4 g6 6.d4 cxd4 7.Qxd4 Bg7 8.Nc3 O-O
9.Qh4 d6 10.Bh6 Nbd7 11.Bh3 Rc8 12.Ng5 Bxh6 13.Qxh6 Rxc4 14.Ne6 fxe6 15.Bxe6+ Kh8
16.Bxc4 d5 17.Bb5 Ne5 18.Rad1 Nf7 19.Qd2 Qc8 20.f4 Qh3 21.e3 Nd6 22.Rf2 d4
23.Qxd4 Nf5 24.Bd7 Qh5 25.Qe5 Rd8 26.Ba4 Rc8 27.e4 Rxc3 28.bxc3 Bxe4 29.Bc2 Kg7
30.Rd7 Bxc2 31.Rxe7+ Nxe7 32.Qxe7+ Kg8 33.Rd2  1-0

[Event "Buenos Aires Najdorf op"]
[Site "Buenos Aires"]
[Date "1993.??.??"]
[Round "6"]
[White "Fiorito, Fabian"]
[Black "Giardelli, Sergio C"]
[Result "1-0"]
[WhiteElo "2425"]
[BlackElo "2425"]

1.Nf3 Nf6 2.c4 c5 3.g3 b6 4.Bg2 Bb7 5.O-O g6 6.d3 Bg7 7.e4 O-O 8.Nc3 Nc6
9.h3 a6 10.Be3 d6 11.Qd2 Rb8 12.Bh6 Ne5 13.Bxg7 Nxf3+ 14.Bxf3 Kxg7 15.d4 cxd4
16.Qxd4 Qc7 17.Rac1 Qc5 18.Qd3 Rfc8 19.b3 Ba8 20.Nd5 Bxd5 21.exd5 b5 22.Rfe1 bxc4
23.Rxc4 Qa5 24.Rxe7 Qxa2 25.Rxc8 Rxc8 26.Qe3 Rf8 27.Kg2 a5 28.g4 h6 29.h4 a4
30.Qd4 axb3 31.g5 hxg5 32.hxg5 b2 33.Qxf6+ Kg8 34.Re4  1-0

[Event "JUG-chT"]
[Site "Cetinje"]
[Date "1993.??.??"]
[Round "?"]
[White "Paunovic, Dragan"]
[Black "Marinkovic, Slavisa"]
[Result "1/2-1/2"]
[WhiteElo "2450"]
[BlackElo "2375"]

1.Nf3 Nf6 2.c4 b6 3.g3 c5 4.Bg2 Bb7 5.O-O g6 6.Nc3 Bg7 7.d4 cxd4 8.Qxd4 d6
9.Rd1 Nbd7 10.Be3 Rc8 11.b3 O-O 12.Qh4 a6 13.Rac1 Re8 14.Bh3 Qc7 15.Nd4 e6
16.Bg5 Qb8 17.Bg2  1/2-1/2

[Event "Cheliabinsk"]
[Site "Cheliabinsk"]
[Date "1993.??.??"]
[Round "?"]
[White "Tolstikh, Nikolay"]
[Black "Kaiumov, Dmitry D"]
[Result "0-1"]
[WhiteElo "2380"]
[BlackElo "2425"]

1.Nf3 Nf6 2.c4 b6 3.g3 c5 4.Bg2 Bb7 5.O-O g6 6.Nc3 Bg7 7.Re1 O-O 8.e4 Nc6
9.e5 Ne8 10.d4 Nxd4 11.Nxd4 Bxg2 12.Kxg2 cxd4 13.Qxd4 d6 14.Bf4 dxe5 15.Qxd8 Rxd8
16.Bxe5 Bxe5 17.Rxe5 e6 18.c5 Nf6 19.cxb6 axb6 20.Rb5 Rd6 21.Rd1 Rfd8 22.Rxd6 Rxd6
23.Kf3 Rc6 24.Rb4 h5 25.h3 Kg7 26.Ra4 Rc7 27.Ra8 Nd7 28.Ke3 Kf6 29.Re8 Ne5
30.Ne4+ Kg7 31.b3 Nc6 32.Ra8 Nb4 33.Nd6 Rc6 34.Nc4 b5 35.Nd2 Rc3+ 36.Ke2 h4
37.gxh4 Nd5 38.Ne4 Rxh3 39.Ng5 Rxh4 40.Ra7 Kf6 41.Nf3 Re4+ 42.Kf1 Rf4 43.Kg2 b4
44.Nd2 g5 45.Nc4 g4 46.Nd6 Kg6 47.a4 bxa3 48.Rxa3 Rf3 49.Nc4 f6 50.Nd2 Nf4+
51.Kf1 Rc3 52.Ra1 Rc2 53.Rd1 f5 54.Ke1 Nd5 55.Nc4 Nc3 56.Rd4 Kg5 57.Nd6 Re2+
58.Kf1 Rb2 59.b4 Nd5 60.b5 Rb1+ 61.Kg2 Nc3 62.Nf7+ Kf6 63.Rd7 Rxb5 64.f3 Rb2+
65.Kg3 Ne2+  0-1

[Event "DEN-chT9394"]
[Site "DEN"]
[Date "1993.??.??"]
[Round "3"]
[White "Rosenlund, Thorbjorn"]
[Black "Brinck Claussen, Bjorn"]
[Result "0-1"]
[WhiteElo "2295"]
[BlackElo "2385"]

1.Nf3 Nf6 2.c4 b6 3.g3 Bb7 4.Bg2 c5 5.O-O g6 6.Nc3 Bg7 7.d4 cxd4 8.Qxd4 Nc6
9.Qf4 Rc8 10.b3 Na5 11.Ba3 d6 12.Rfd1 O-O 13.Rac1 Qd7 14.e4 Qg4 15.Qxg4 Nxg4
16.h3 Ne5 17.Nxe5 Bxe5 18.Nd5 Nc6 19.f4 Bg7 20.e5 dxe5 21.Nxe7+ Nxe7 22.Rd7 Bxg2
23.Kxg2 Nc6 24.Bxf8 Bxf8 25.fxe5 Nxe5 26.Rxa7 Rd8 27.Rc2 Bc5 28.Re2 f6 29.g4 Nd3
30.Kf3 Ne5+ 31.Kg2 g5 32.Rb7 Rd1 33.Kg3 Rd3+ 34.Kg2 Be3 35.Rc7 Bf4 36.Rb7 Rg3+
37.Kf1 Be3 38.Rh2 Ng6 39.Ke2 Nf4+ 40.Kd1 Rg1+ 41.Kc2 Rc1+ 42.Kb2 Nd3+ 43.Ka3 Bc5+
44.Ka4 Bd6 45.Rd2 Nc5+ 46.Kb5 Nxb7 47.Kxb6 Bf4 48.Rd7 Nd6 49.c5 Be3 50.b4 Ne4
51.Re7 Rxc5 52.Rxe4 Re5+ 53.Rxe3 Rxe3 54.a4 f5 55.gxf5 h5  0-1

[Event "NLD-ch sf"]
[Site "Enschede"]
[Date "1993.??.??"]
[Round "6"]
[White "Bosboom, Manuel"]
[Black "Grooten, Herman"]
[Result "0-1"]
[WhiteElo "2425"]
[BlackElo "2410"]

1.c4 c5 2.Nf3 Nf6 3.g3 b6 4.Bg2 Bb7 5.O-O g6 6.Nc3 Bg7 7.d4 cxd4 8.Qxd4 d6
9.Qh4 h6 10.Rd1 Nbd7 11.Nd5 b5 12.Nxf6+ Bxf6 13.Qf4 g5 14.Qe3 Qb6 15.cxb5 Qxb5
16.Rxd6 Qa4 17.Nd4 Qd1+ 18.Bf1 Ne5 19.b3 Ng4 20.Qc3 exd6 21.Bd2 Qxa1 22.Qxa1 O-O
23.Bc3 Rac8 24.h3 Ne5 25.Bg2 Ba6 26.Bb2 Rc7 27.Qb1 Rfc8 28.Qf5 Bg7 29.Ba3 Ng6
30.Bd5 Kh8 31.Bxf7 Ne7 32.Qg4 Nc6 33.Nf3 Rxf7 34.Qh5 Kg8 35.Nh2 Nd4 36.Ng4 Bxe2
37.Qg6 Bxg4 38.hxg4 Rc2 39.Bxd6 Rcxf2 40.Qe4 Rf1+ 41.Kh2 Nf3+  0-1

[Event "FRA"]
[Site "FRA"]
[Date "1993.??.??"]
[Round "?"]
[White "Anic, Darko"]
[Black "Metral, Jean Paul"]
[Result "1-0"]
[WhiteElo "2415"]
[BlackElo "2295"]

1.Nf3 Nf6 2.c4 c5 3.g3 b6 4.Bg2 Bb7 5.O-O g6 6.b3 Bg7 7.Bb2 O-O 8.Nc3 a6
9.d4 cxd4 10.Qxd4 d6 11.Nd5 Nbd7 12.Rfd1 Ra7 13.Rac1 Nc5 14.Qh4 e5 15.Ne1 Ne6
16.Nb4 Bxg2 17.Nxg2 Qc7 18.Ne3 Rc8 19.Ned5 Qd8 20.Nxf6+ Bxf6 21.Qe4 Rd7 22.Nxa6 Ng5
23.Qg2 Bg7 24.Nb4 f5 25.Qd5+ Nf7 26.Nc6 Qe8 27.b4 Ra8 28.c5 bxc5 29.bxc5 Kh8
30.Rc2 Ra4 31.Qb3 Ra8 32.cxd6 Rxd6 33.Rdc1 Qd7 34.a4 h6 35.Rc5 Re8 36.a5 Rd2
37.Bc3 Rxe2 38.Rd1 Qe6 39.Qxe6 Rxe6 40.a6 Ra2 41.Ra1 Rxa1+ 42.Bxa1 Bf8 43.a7 Bxc5
44.a8=Q+ Kg7 45.Qc8  1-0

[Event "FRA"]
[Site "FRA"]
[Date "1993.??.??"]
[Round "?"]
[White "Hauchard, Arnaud"]
[Black "Miralles, Gilles"]
[Result "1/2-1/2"]
[WhiteElo "2450"]
[BlackElo "2475"]

1.Nf3 Nf6 2.c4 b6 3.g3 c5 4.Bg2 Bb7 5.O-O g6 6.b3 Bg7 7.Bb2 O-O 8.Nc3 Na6
9.Rc1 e6 10.Qc2 Qe7 11.Qb1 d5 12.cxd5 exd5 13.d4 Ne4 14.dxc5 d4 15.Nxe4 Bxe4
16.Qa1 bxc5 17.e3 Nb4 18.exd4 Nd3 19.Rcd1 Nxb2 20.Qxb2 Qb7 21.Ne1 cxd4 22.Bxe4 Qxe4
23.Qb1 Qg4 24.Rd3 Rac8 25.Nf3 Rc3 26.Rfd1 Rxd3 27.Qxd3 h5 28.Re1 Rc8 29.Qe4 Bf6
30.Qxg4 hxg4 31.Ne5 Bxe5 32.Rxe5 Rc1+ 33.Kg2 Rd1 34.Rd5 Kf8 35.b4 d3 36.b5 Ke7
37.a4 Ra1 38.Rxd3 Rxa4 39.Rb3 Kf6 40.b6 axb6 41.Rxb6+  1/2-1/2

[Event "BL2-S9293"]
[Site "Germany"]
[Date "1993.??.??"]
[Round "?"]
[White "Mandel, Andreas"]
[Black "Roeder, Mathias"]
[Result "0-1"]
[WhiteElo "2370"]
[BlackElo "2405"]

1.Nf3 Nf6 2.c4 b6 3.g3 c5 4.Bg2 Bb7 5.O-O g6 6.Nc3 Bg7 7.Re1 d5 8.d4 dxc4
9.Qa4+ Nbd7 10.dxc5 Qc8 11.Qxc4 Nxc5 12.Be3 Nce4 13.Qxc8+ Rxc8 14.Nd2 Nd6
15.Bxb7 Nxb7 16.Rac1 O-O 17.h3 Rfd8 18.g4 Kf8 19.Kg2 Nd6 20.a4 Nfe8 21.a5 bxa5
22.Na4 Nb7 23.Nc4 Bd4 24.Bd2 Rd5 25.Red1 Bg7 26.b3 Rcd8 27.Rc2 Ned6 28.Ne3 Rb5
29.Rb1 Ne4 30.Be1 Nbc5 31.Nxc5 Nxc5 32.Nc4 Rxb3 33.Rxb3 Nxb3 34.Nxa5 Nxa5
35.Bxa5 Ra8 36.Rc7 Be5 37.Rb7 Bd6 38.Kf3 f6 39.Ke4 Kf7 40.Kd5 Rc8 41.Rxa7 Rc2
42.Bb6 Rxe2 43.Ra8 Re5+ 44.Kc6 Re1 45.Rh8 Rh1 46.Rxh7+ Kg8 47.Rh4 Bf4 48.g5 Bxg5
49.Ra4 Rxh3 50.f4 Bh6 51.Bc5 Kf7 52.Re4 Bf8 53.Kd5 Rd3+ 54.Kc4 Rd7 55.Re2 Bh6
56.Rf2 Ke6  0-1

[Event "Bundesliga 9293"]
[Site "Germany"]
[Date "1993.??.??"]
[Round "?"]
[White "Beckhuis, Gernod"]
[Black "Maus, Soenke"]
[Result "0-1"]
[WhiteElo "2195"]
[BlackElo "2420"]

1.Nf3 Nf6 2.c4 c5 3.g3 b6 4.Bg2 Bb7 5.O-O g6 6.b3 Bg7 7.Bb2 O-O 8.Nc3 e6
9.e3 Qe7 10.Qe2 d6 11.Rfd1 Nbd7 12.d4 a6 13.Rd2 Rab8 14.Rad1 Rfd8 15.e4 cxd4
16.Nxd4 Bh6 17.f4 e5 18.Nd5 Qf8 19.Nxf6+ Nxf6 20.Nc2 Nh5 21.Ba3 exf4 22.Rxd6 Qe8
23.g4 Ng7 24.Rxb6 Ne6 25.Bd6 Bf8 26.e5 f3 27.Bxf3 Bxf3  0-1

[Event "NRW-Liga I 9293"]
[Site "Germany"]
[Date "1993.??.??"]
[Round "?"]
[White "Rosen, Bernd"]
[Black "Moiseev, Viktor"]
[Result "0-1"]
[WhiteElo "2295"]
[BlackElo "2455"]

1.c4 c5 2.Nf3 Nf6 3.g3 b6 4.Bg2 Bb7 5.O-O g6 6.Nc3 Bg7 7.d4 cxd4 8.Nxd4 Bxg2
9.Kxg2 O-O 10.e4 Qc7 11.Qd3 Nc6 12.Nxc6 Qxc6 13.f3 Rfc8 14.b3 b5 15.Nxb5 Nxe4
16.Nd4 Qd6 17.Be3 Nf6 18.Rad1 a6 19.Rf2 Qc7 20.Nc2 Qb7 21.Re2 d5 22.c5 e5
23.b4 d4 24.Bd2 Re8 25.Qc4 Qb5 26.Na3 Qc6 27.Nc2 Rad8 28.Bg5 e4 29.Rxe4 Nxe4
30.Bxd8 Nc3 31.Nxd4 Nxd1 32.Bg5 Qd7  0-1

[Event "BL2-N9293"]
[Site "Germany"]
[Date "1993.??.??"]
[Round "?"]
[White "Giemsa, Stephan"]
[Black "Peters, Carsten"]
[Result "1-0"]
[WhiteElo "2245"]
[BlackElo "2270"]

1.Nf3 Nf6 2.c4 b6 3.g3 Bb7 4.Bg2 c5 5.O-O g6 6.Nc3 Bg7 7.Re1 O-O 8.e4 d6
9.d4 cxd4 10.Nxd4 Qc8 11.b3 Nc6 12.Bb2 Nxd4 13.Qxd4 Re8 14.Nd5 Nh5 15.Qd2 Bxb2
16.Qxb2 Ng7 17.h4 Rb8 18.Rac1 Qd7 19.e5 Bxd5 20.Bxd5 dxe5 21.Qxe5 e6 22.Bf3 Rbc8
23.c5 bxc5 24.Rxc5 Rxc5 25.Qxc5 Rc8 26.Qe5 Nf5 27.Rd1 Qe7 28.Be4 Ng7 29.Kg2 Nh5
30.Rd4 Nf6 31.Bf3 Kg7 32.Rc4 Rd8 33.Rc7 Qb4 34.Qxe6 Rf8 35.Rxa7 Qd4 36.Qe3 Qb2
37.Qd3 Rc8 38.Qe3 Re8 39.Qc5 Re1 40.Qc4  1-0

[Event "Goch op"]
[Site "Goch"]
[Date "1993.??.??"]
[Round "6"]
[White "Bungter, J."]
[Black "Podzielny, Karl Heinz Sr"]
[Result "0-1"]
[WhiteElo "1675"]
[BlackElo "1845"]

1.Nf3 Nf6 2.c4 c5 3.g3 b6 4.Bg2 Bb7 5.O-O g6 6.d3 Bg7 7.Na3 O-O 8.Nc2 e6
9.Rb1 a5 10.Bd2 d5 11.Na3 Nc6 12.Nb5 Qd7 13.b3 e5 14.Ng5 Rad8 15.Qc1 h6 16.Nf3 Kh7
17.h3 e4 18.Nh2 dxc4 19.bxc4 exd3 20.exd3 Qxd3 21.Bf4 Nd4 22.Nxd4 Bxg2 23.Rd1 Qe4
24.f3 Qb7 25.Kxg2 Rxd4 26.Rxd4 cxd4 27.Qb2 Nd7 28.Qd2 Qc6 29.Rc1 Re8 30.h4 Nc5
31.Ng4 h5 32.Nf2 d3 33.Re1 Rxe1 34.Qxe1 Qa4 35.Qb1 Qc2 36.Qxc2 dxc2 37.Bc1 Bd4  0-1

[Event "GRE-ch"]
[Site "GRE"]
[Date "1993.??.??"]
[Round "2"]
[White "Grivas, Efstratios"]
[Black "Vragoteris, Antonios"]
[Result "1/2-1/2"]
[WhiteElo "2505"]
[BlackElo "2290"]

1.Nf3 c5 2.g3 b6 3.Bg2 Bb7 4.O-O Nf6 5.c4 g6 6.Nc3 Bg7 7.d4 cxd4 8.Qxd4 O-O
9.Qh4 d6 10.Bh6 Nbd7 11.Rac1 Rc8 12.b3 Rc5 13.Ng5 Bxg2 14.Kxg2 a6 15.Rfd1 Qa8+
16.Kg1 b5  1/2-1/2

[Event "HUN-chT"]
[Site "HUN"]
[Date "1993.??.??"]
[Round "?"]
[White "Adorjan, Andras"]
[Black "Horvath, Tamas"]
[Result "1/2-1/2"]
[WhiteElo "2550"]
[BlackElo "2425"]

1.c4 c5 2.Nf3 b6 3.g3 Bb7 4.Bg2 Nf6 5.O-O g6 6.b3 Bg7 7.Bb2 O-O 8.Nc3 Na6
9.d4 d5 10.dxc5 Nxc5 11.Nxd5 Nxd5 12.Bxg7 Kxg7 13.cxd5 Qxd5  1/2-1/2

[Event "HUN-chT"]
[Site "HUN"]
[Date "1993.??.??"]
[Round "?"]
[White "Farago, Sandor"]
[Black "Honos, Attila"]
[Result "1-0"]
[WhiteElo "2340"]
[BlackElo "2300"]

1.Nf3 Nf6 2.c4 c5 3.g3 b6 4.Bg2 Bb7 5.O-O g6 6.Nc3 Bg7 7.Re1 O-O 8.e4 d6
9.d4 cxd4 10.Nxd4 Nfd7 11.Bg5 h6 12.Be3 Nc6 13.Rc1 Rc8 14.b3 Nc5 15.Nxc6 Bxc6
16.b4 Nd7 17.Bd4 Nf6 18.h3 Re8 19.Qd2 Bd7 20.Bf1 Kh7 21.a3 Rc6 22.Kh2 Be6
23.Nd5 Nd7 24.Bxg7 Kxg7 25.Qd4+ Kh7 26.Bg2 Qc8 27.Rc3 Ne5 28.Rec1 g5 29.f4 gxf4
30.gxf4 Nd7 31.Rg3 f6 32.Rcc3 Bxd5 33.exd5 Rc7 34.Qe4+  1-0